| 000 | 01780cam a22004217a 4500 | ||
|---|---|---|---|
| 999 |
_c529873 _d529873 |
||
| 001 | 14019569 | ||
| 003 | NUST | ||
| 005 | 20191004105958.0 | ||
| 008 | 050629s2005 dcuadk b 000 0 eng d | ||
| 010 | _a 2005930005 | ||
| 020 | _a0309097568 (pbk.) | ||
| 035 | _a(OCoLC)ocm62866728 | ||
| 038 | _aMSOHAIL | ||
| 040 |
_aTRL _cTRL _dDAY _dDLC |
||
| 042 | _alccopycat | ||
| 050 | 0 | 0 |
_aTE183 _b.W54 2005 |
| 050 | 1 | 4 |
_aTE5091 _b.N283 no. 352 |
| 082 | 0 | 0 |
_a625.70681 _222 |
| 100 | 1 |
_aWilson, David C. _922864 |
|
| 245 | 1 | 0 |
_aValue engineering applications in transportation : _ba synthesis of highway practice / _cDavid C. Wilson. |
| 260 |
_aWashington, D.C. : _bTransportation Research Board, National Research Council, _c2005. |
||
| 300 |
_a125 p. : _bill., charts, forms ; _c28 cm. |
||
| 490 | 1 |
_aNCHRP synthesis, _x0547-5570 ; _v352 |
|
| 500 | _a"Research sponsored by the American Association of State Highway and Transportation Officials in cooperation with the Federal Highway Administration." | ||
| 504 | _aIncludes bibliographical references (p. 40-42). | ||
| 530 | _aAlso available via the Internet. | ||
| 650 | 0 |
_aHighway engineering _xCost control. _922865 |
|
| 650 | 0 |
_aHighway departments _xManagement. _922866 |
|
| 650 | 0 |
_aValue analysis (Cost control) _921455 |
|
| 650 | 7 |
_avalue engineering. _2trt _922867 |
|
| 710 | 2 |
_aNational Cooperative Highway Research Program. _920864 |
|
| 830 | 0 |
_aSynthesis of highway practice ; _v352. _922868 |
|
| 856 | 4 | 1 | _uhttp://trb.org/publications/nchrp/nchrp%5Fsyn%5F352.pdf |
| 906 |
_a7 _bcbc _ccopycat _d2 _encip _f20 _gy-gencatlg |
||
| 942 |
_2ddc _cBK |
||